|
|
|
|
| LEADER |
02558nim a2200469 a 4500 |
| 001 |
AAL9104 |
| 003 |
BD-DhAAL |
| 005 |
20170508092451.0 |
| 008 |
170508s2013 nyunnnng f n eng d |
| 999 |
|
|
|c 38121
|d 38121
|
| 010 |
|
|
|a 2013626634
|
| 020 |
|
|
|a 9789382951001
|
| 020 |
|
|
|a 9781611761801
|
| 020 |
|
|
|a 1611761808
|
| 040 |
|
|
|a VPW
|b eng
|c VPW
|d DLC
|d UPZ
|d JP3
|d VP@
|d OCLCF
|d MYG
|d BD-DhAAL
|
| 049 |
|
|
|a MYGG
|
| 050 |
|
4 |
|a PS3608.O832 A53 2013ab
|
| 082 |
0 |
4 |
|a 813/.6
|2 23
|
| 100 |
1 |
|
|a Hosseini, Khaled.
|9 21453
|
| 245 |
1 |
0 |
|a And the mountains echoed
|c Khaled Hosseini.
|
| 260 |
|
|
|a New York :
|a London :
|b Penguin Audio,
|b Bloomsbury,
|c 2013.
|
| 300 |
|
|
|a 398 p. ;
|c 21 cm.
|
| 520 |
|
|
|a A novel about how people love, how they take care of each other, and how choices made today can resonate through future generations. Author Khaled Hosseini gives listeners a multi-generational family story revolving around siblings and how they love, betray, hurt, honor, and would do anything for one another.
|
| 541 |
|
|
|e 9104
|
| 650 |
|
0 |
|a Families
|v Fiction.
|9 21454
|
| 650 |
|
0 |
|a Interpersonal relations
|v Fiction.
|9 21455
|
| 650 |
|
0 |
|a Community life
|v Fiction.
|9 21456
|
| 650 |
|
0 |
|a Brothers and sisters
|v Fiction.
|9 21457
|
| 650 |
|
0 |
|a Historical fiction.
|9 21458
|
| 650 |
|
0 |
|a Domestic fiction.
|9 21459
|
| 650 |
|
0 |
|a Audiobooks.
|9 21460
|
| 651 |
|
0 |
|a Afghanistan
|v Fiction.
|9 21461
|
| 655 |
|
7 |
|a Fiction.
|2 fast
|9 21462
|
| 700 |
1 |
|
|a Negahban, Navid,
|d 1968-
|4 nrt
|9 21463
|
| 700 |
1 |
|
|a Aghdashloo, Shohreh,
|d 1952-
|4 nrt
|9 21464
|
| 852 |
0 |
|
|a Savar Campus Library
|c General Shelf
|
| 942 |
|
|
|2 ddc
|c BK
|
| 952 |
|
|
|0 0
|1 0
|2 ddc
|4 0
|6 813_000000000000000__6_HOS
|7 0
|9 60560
|a SCL
|b SCL
|c GEN
|d 2017-05-08
|e Tajin Boi Ghar
|g 100.00
|l 12
|m 65
|o 813.6 HOS
|p 3020009104
|r 2025-05-14
|s 2025-02-17
|t 1
|w 2017-05-08
|y BK
|
| 952 |
|
|
|0 0
|1 0
|2 ddc
|4 0
|6 813_000000000000000__6_HOS
|7 0
|9 60561
|a SCL
|b SCL
|c GEN
|d 2017-05-08
|e Tajin Boi Ghar
|g 100.00
|l 11
|m 53
|o 813.6 HOS
|p 3020009102
|r 2025-12-28
|s 2025-12-09
|t 2
|w 2017-05-08
|y BK
|
| 952 |
|
|
|0 0
|1 0
|2 ddc
|4 0
|6 813_000000000000000__6_HOS
|7 0
|9 60562
|a SCL
|b SCL
|c GEN
|d 2017-05-08
|e Tajin Boi Ghar
|g 100.00
|l 19
|m 69
|o 813.6 HOS
|p 3020009101
|r 2025-07-05
|s 2025-06-28
|t 3
|w 2017-05-08
|y BK
|
| 952 |
|
|
|0 0
|1 0
|2 ddc
|4 0
|6 813_000000000000000__6_HOS
|7 0
|9 60563
|a SCL
|b SCL
|c GEN
|d 2017-05-08
|e Tajin Boi Ghar
|g 100.00
|l 11
|m 54
|o 813.6 HOS
|p 3020009100
|r 2026-04-20
|s 2026-04-13
|t 4
|w 2017-05-08
|y BK
|
| 952 |
|
|
|0 0
|1 0
|2 ddc
|4 0
|6 813_000000000000000__6_HOS
|7 0
|9 60564
|a SCL
|b SCL
|c GEN
|d 2017-05-08
|e Tajin Boi Ghar
|g 100.00
|l 16
|m 52
|o 813.6 HOS
|p 3020009103
|r 2025-08-11
|s 2025-08-04
|t 5
|w 2017-05-08
|y BK
|